000 00851nam a2200241 i 4500
001 C2-0328395
003 PPAK
005 20180728125736.0
008 140813s2014 my a|||| ||||| | zxx d
040 _aPPAK
_beng
_cPPAK
_erda
082 0 4 _a352.1409595
_223
090 0 0 _a352.1409595
_bKEM
_dR
110 2 _aKementerian Kesejahteraan Bandar, Perumahan dan Kerajaan Tempatan
245 0 0 _aPerangkaan KPKT 2013 :
_bUHLG statistics 2013
264 1 _aPutrajaya :
_bKementerian Perumahan Dan Kerajaan Tempatan ,
_c2014
300 _aix, 65 pages :
_billustrations ;
_c20 cm
336 _2rdacontent
_atext
337 _2rdamedia
_aunmediated
338 _2rdacarrier
_avolume
650 1 0 _aMunicipal government - Malaysia - Periodicals
710 2 _aKementerian Kesejahteraan Bandar, Perumahan dan Kerajaan Tempatan
_eorganizer
942 _ddc
_cB
999 _c127782
_d127782